| 000 | 00466nam a2200169Ia 4500 | ||
|---|---|---|---|
| 999 |
_c26717 _d26717 |
||
| 003 | OSt | ||
| 005 | 20201224113635.0 | ||
| 008 | 190216s9999||||xx |||||||||||||| ||und|| | ||
| 040 | _coclc | ||
| 082 |
_a910 _bNAI/M |
||
| 100 |
_aNair, Madhu S _97850 |
||
| 245 | 0 |
_aMariyaachikalude Naattil / _cMadhu S Nair |
|
| 260 |
_bDc Books, _aKottayam: _c1986. |
||
| 300 | _a75p | ||
| 650 | _aYathravivaranam | ||
| 942 |
_cBK _2ddc _h910 _iNAI/M _k910 _mNAI/M |
||